000 00467nam a2200145Ia 4500
008 151213s9999 xx 000 0 und d
100 _aNaina Shahzadi , Fazi Rabbani & Shamima Tasmin
245 _aEnglish for Today for Class - 9 - 10
_cNaina Shahzadi , Fazi Rabbani & Shamima Tasmin
260 _aDhaka
_bBarnchlakha
_c2001
300 _a2404 p.
650 _aEnglish
650 _aEnglish
700 _aNaina Shahzadi , Fazi Rabbani & Shamima Tasmin
999 _c1680
_d1680